• 首页
  • 本馆介绍
  • 公告通知
  • 最新文献
  • 馆藏检索
  • 电子资源
  • 读者导购
  • 参考咨询
  • 我的图书馆
  • 登录
  • 详细信息显示
  • 放入我的书架
  • 预约/预借图书
  • 作者相关作品
  • 分类相关作品
  • 丛书相关作品
  • 出版社相关作品

书目信息

  • 表格格式
  • 工作单格式
  • 卡片格式
题名:
沈从文讲文物
    
 
作者: 沈从文 著 ;王凤 编
分册:  
出版信息: 北京   北京出版社  2016.08
页数: 18,257页
开本: 21cm
丛书名: 大家小书
单 册:
中图分类: K870.4
科图分类:
主题词: 文物--研究--中国
电子资源:
ISBN: 978-7-200-12224-4
000 00943oam2 2200301 450
001 002852681
005 20170911090648.59
010    @a978-7-200-12224-4@dCNY25.00
039    @aA310000SCL@bUCS01002852681@c1102784926
100    @a20161215d2016 em y0chiy50 ea
101 0  @achi
102    @aCN@b110000
105    @ay z 000yy
106    @ar
200 1  @a沈从文讲文物@9shen cong wen jiang wen wu@f沈从文著@g王凤编
205    @a3版
210    @a北京@c北京出版社@d2016.08
215    @a18,257页@d21cm
225 2  @a大家小书
330    @a本书编选的研究文章,可以管窥沈从文的文物研究:他利用文物与文献互证这一独特方法,保存了过去时代生命形式,构筑的是艺术史和文化史。
333    @a文物研究者
461  0 @12001 @a大家小书
606 0  @a文物@x研究@y中国
690    @aK870.4@v5
701  0 @a沈从文@9shen cong wen@4著
702  0 @a王凤@9wang feng@4编
801  0 @aCN@b人天书店@c20161215
905    @b1073632-37@dK870.4@e355=3@f6
    
    沈从文讲文物/沈从文著/王凤编.-3版.-北京:北京出版社,2016.08
    18,257页;21cm.-(大家小书)
    使用对象:文物研究者
    
    ISBN 978-7-200-12224-4:CNY25.00
    本书编选的研究文章,可以管窥沈从文的文物研究:他利用文物与文献互证这一独特方法,保存了过去时代生命形式,构筑的是艺术史和文化史。
●
相关链接 在E读中查询图书 在五车中查询图书 在当当中查询图书 在豆瓣中查询图书


正题名:沈从文讲文物     索取号:K870.4/355=3         预约/预借

序号 登录号 条形码 馆藏地/架位号 状态 备注
1 1073632   210736328   第二样本阅览室/ [索取号:K870.4/355=3] 在馆    
2 1073633   210736337   第二借阅区/ [索取号:K870.4/355=3] 在馆    
3 1073634   210736346   第二借阅区/ [索取号:K870.4/355=3] 在馆    
4 1073635   210736355   第二借阅区/ [索取号:K870.4/355=3] 在馆    
5 1073636   210736364   第二借阅区/ [索取号:K870.4/355=3] 在馆    
6 1073637   210736373   密集书库-史法系/ [索取号:K870.4/355=3] 在馆    
唐山师范学院图书馆 欢迎您!
大连网信软件有限公司© 版权所有